00548naa a2200181 a 450000100080000000500110000800800410001910000160006024501070007626000090018365300140019265300120020665300230021870000200024170000170026170000160027877300720029410834772012-02-09 2011 bl uuuu u00u1 u #d1 aVOSNIAK, J. aAvalia????o da postura de trabalhadores nas atividades de plantio e aduba????o em florestas plantadas. c2011 aErgonomia aPostura aSa??de no trabalho1 aLOPES, E. da S.1 aINOUE, M. T.1 aBATISTA, A. tRevista Ceres, Vi??osa, MGgv. 58 n. 5, p. 584-592, set./out. 2011.